| 000 | 01308nam a22003374a 4500 | ||
|---|---|---|---|
| 001 | ebr10218135 | ||
| 003 | CaPaEBR | ||
| 006 | m u | ||
| 007 | cr cn||||||||| | ||
| 008 | 051013s2006 enk sb 001 0 eng | ||
| 010 | _z 2005935708 | ||
| 020 | _z0761942394 (hardcover) | ||
| 020 | _z0761942408 (pbk.) | ||
| 040 |
_aCaPaEBR _cCaPaEBR |
||
| 035 | _a(OCoLC)290532362 | ||
| 050 | 1 | 4 |
_aBF77 _b.F74 2006eb |
| 100 | 1 | _aFreeman, Richard P. J. | |
| 245 | 1 | 0 |
_aStudy skills for psychology _h[electronic resource] : _bsucceeding in your degree / _cRichard P.J. Freeman and Tony Stone. |
| 260 |
_aLondon ; _aThousand Oaks, CA : _bSage Publications, _c2006. |
||
| 300 | _aix, 165 p. | ||
| 490 | 1 | _aSage study skills | |
| 504 | _aIncludes bibliographical references and index. | ||
| 533 |
_aElectronic reproduction. _bPalo Alto, Calif. : _cebrary, _d2013. _nAvailable via World Wide Web. _nAccess may be limited to ebrary affiliated libraries. |
||
| 650 | 0 |
_aPsychology _xStudy and teaching (Higher) |
|
| 650 | 0 | _aStudy skills. | |
| 655 | 7 |
_aElectronic books. _2local |
|
| 700 | 1 | _aStone, Tony. | |
| 710 | 2 | _aebrary, Inc. | |
| 830 | 0 | _aSage study skills. | |
| 856 | 4 | 0 |
_uhttp://site.ebrary.com/lib/rucke/Doc?id=10218135 _zAn electronic book accessible through the World Wide Web; click to view |
| 999 |
_c129631 _d129631 |
||